000 01277nam a22003497a 4500
003 CHAP
005 20220329132959.0
008 971013s1990 r 00010 d
010 _a903
011 _a1875
035 _a1060
040 _cCHAP
090 _aTesis
100 0 0 _aArana Munoz, Omar Elmer.
_96482
245 _aEfecto de la aplicación de tres ácidos fuertes y aguas residuales sobre algunas propiedades físicas y químicas de los suelos del ex-lago de Texcoco
260 _aMontecillo, Méx. :
_bEl autor,
_c1990
300 _a153 h.
_b: gráfs.
502 _aTesis (M.C. Esp. en Hidrociencias) -- C.P. Centro de Hidrociencias39-138
590 _aALEPH
_b10
_c20130110
_lUCH01
_h1206
590 _aBATCH-UPD
_b10
_c20130110
_lUCH01
_h1525
590 _aBATCH-UPD
_b10
_c20130410
_lUCH01
_h0935
590 _aBATCH-UPD
_b10
_c20130913
_lUCH01
_h2022
590 _aCONVERSION
_b10
_c20130109
_lUCH01
_h1302
650 1 4 _aAcido sulfúrico.
_9600
650 1 4 _aSuelos
_xFísica de.
_9110373
650 1 4 _aSuelos
_xQuímica de.
_9110470
710 0 _aColegio de Postgraduados. Chapingo, Méx. Centro de Hidrociencias.
_925085
901 _aBK
942 _cFOLL
949 _bBC
_cTES
_d-10524
_eTS1
_h23222
_i1060
_si
949 _bBC
_cTES
_d-69610
_eTS2
_fc.2
_h23223
_i1060
_si
999 _c903
_d903